Shopping, place and identity
Αποθηκεύτηκε σε:
| Κύριος συγγραφέας: | |
|---|---|
| Μορφή: | Βιβλίο |
| Γλώσσα: | English |
| Δημοσίευση: |
London; New York :
Routledge,
2003
|
| Θέματα: | |
| Ετικέτες: |
Προσθήκη ετικέτας
Δεν υπάρχουν, Καταχωρήστε ετικέτα πρώτοι!
|
MARC
| LEADER | 00000nam a2200000 i 4500 | ||
|---|---|---|---|
| 001 | 1/35757 | ||
| 008 | 030513s2003 eng d | ||
| 020 | |a 0-415-15461-8 | ||
| 035 | |l 10069935 | ||
| 040 | |a GR-MY-UA |b gre |e aacr | ||
| 041 | 0 | |a eng | |
| 082 | 0 | |a 381.109421 |2 (21) | |
| 100 | 1 | |a Miller, Daniel |d 1954- | |
| 245 | 1 | 0 | |a Shopping, place and identity / |c Daniel Miller...[et al.] |
| 260 | |a London; New York : |b Routledge, |c 2003 | ||
| 300 | |a 214 σ.; |c 24 εκ. | ||
| 504 | |a Περιέχει βιβλιογγραφία και ευρετήριο | ||
| 610 | 2 | 0 | |a Brent Cross Shopping Center (London, England) |
| 610 | 2 | 0 | |a Wood Green Shopping City (London, England) |
| 650 | 0 | 0 | |a Shopping centers |z England |z London. |
| 650 | 0 | 0 | |a Shopping centers |x Location |z England |z London. |
| 650 | 0 | 0 | |a Consumers |z England |z London |x Attitudes. |
| 650 | 0 | 0 | |a Social classes |z England |z London. |
| 852 | |a INST |b LESVOS |e 20030513 |h 381.109421 MIL |p 005100027019 |q 005100027019 |t BK |y 0 | ||
| 901 | |a BIBL1-2003-2 | ||
| 909 | |a Λ |b 104443 | ||
| 922 | |a 1ΕΛΗ |b 200303 |c ΕΠΕΑΕΚ2/ΤΓ |d ΠΑΠΑΣΩΤΗΡΙΟΥ & ΕΛΕΥΘΕΡΟΥΔΑΚΗΣ | ||
| 950 | |a 118-2002-10-05 | ||
| 970 | |a ΚΑΡΑ |b ΓΙΑΣΕΜΗ |z 2003/07/14 | ||